000 01083nam a2200241 4500
003 CO-ViMGA
020 _a9789588787893
040 _aCO-ViMGA
_bspa
_cCO-ViMGA
082 0 4 _a631.875
_bA46c
100 1 _aAlonso Peña, José Ramón
_913417
245 1 0 _aCómo hacer compost
_b guía para amantes de la jardinería y el medio ambiente
_cJosé Ramón Alonso Peña
250 _aEdición especial
260 _aBogotá
_b Monserrate
300 _a147 páginas
_bilustraciones en color ; 21 cm
490 _aPlan Nacional de Lectura y Escritura Leer es mi Cuento / Ministerio de Cultura
500 _aIncluye glosario \ Incluye bibliografía al final del texto \ Recomendado para un público mayor de 15 años
650 1 4 _aAbono Organico - Literatura Juvenil - Guias
_913418
650 1 4 _aAbonos Y Fertilizantes - Literatura Juvenil - Guias
_913419
650 1 4 _aBasuras Y Aprovechamiento De Basuras - Literatura Juvenil - Guias
_913420
650 1 4 _aCompost - Literatura Juvenil - Guias
_913421
650 1 4 _aEcologia Vegetal - Literatura Juvenil - Guias
_913422
942 _2ddc
_cBK
999 _c8564
_d8564